00447nam a22001697a 4500003000700000005001700007008004100024020001800065082002100083100002000104245002500124250001100149260003700160300000800197490004100205650003100246MPLRDC20220104144232.0210129b ||||| |||| 00| 0 eng d a988 201 013 X a684.266111 DJZY  a多吉占堆编 a拉萨布达拉宫c a初版 ab天地图书有限公司c2002 b平 a中国世界自然文化遗产之旅 a中国名胜古迹--宫殿